Govt. of
Madhya Pradesh

Global Climate Change (Record no. 63898)

MARC details
000 -LEADER
fixed length control field 00250nam a22001097a 4500
082 ## - DEWEY DECIMAL CLASSIFICATION NUMBER
Classification number 333
100 ## - MAIN ENTRY--AUTHOR NAME
Personal name Shukla, Ajay
245 ## - TITLE STATEMENT
Title Global Climate Change
260 ## - PUBLICATION, DISTRIBUTION, ETC. (IMPRINT)
Place of publication Delhi
Name of publisher Pratibha Book
Year of publication 2018
650 ## - SUBJECT ADDED ENTRY--TOPICAL TERM
Topical Term Environment
942 ## - ADDED ENTRY ELEMENTS (KOHA)
Koha item type Books
Holdings
Withdrawn status Lost status Damaged status Not for loan Home library Current library Date acquired Cost, normal purchase price Full call number Accession Number Price effective from Koha item type
        MACL MACL 20/11/2020 995.00 333 CRE037002 20/11/2020 Books